El don de una conquista (Record no. 189274)

MARC details
000 -LEADER
campo de control de longitud fija 00753nam a2200229 i 4500
001 - NÚMERO DE CONTROL
campo de control 189274
003 - IDENTIFICADOR DE NÚMERO DE CONTROL
campo de control SpMaBN
005 - FECHA Y HORA DE LA ÚLTIMA TRANSACCIÓN
campo de control 20230906223432.0
008 - DATOS DE LONGITUD FIJA--INFORMACIÓN GENERAL
campo de control de longitud fija 190521s1967 sp |||| | spa d
080 ## - NÚMERO DE LA CLASIFICACIÓN DECIMAL UNIVERSAL
Número de la Clasificación Decimal Universal 222.2.017
100 1# - ENTRADA PRINCIPAL--NOMBRE DE PERSONA
Nombre de persona Auzou, Georges.
9 (RLIN) 167048
245 13 - MENCIÓN DEL TÍTULO
Título El don de una conquista
Resto del título : estudio del libro de Josué /
Mención de responsabilidad, etc. Georges Auzou : [traducción por Antonio G. Fraile].
260 ## - PUBLICACIÓN, DISTRIBUCIÓN, ETC.
Lugar de publicación, distribución, etc. Madrid :
Nombre del editor, distribuidor, etc. Fax,
Fecha de publicación, distribución, etc. [1967]
300 ## - DESCRIPCIÓN FÍSICA
Extensión 254 p. ;
Dimensiones 23 cm.
490 1# - MENCIÓN DE SERIE
Mención de serie Actualidad bíblica ;
Designación de volumen o secuencia 4
500 ## - NOTA GENERAL
Nota general Índices.
630 07 - PUNTO DE ACCESO ADICIONAL DE MATERIA--TÍTULO UNIFORME
Título uniforme Biblia.
Nombre de parte o sección de la obra A.T.
-- Josué-
Subdivisión general Crítica e interpretación.
9 (RLIN) 167050
700 1# - ENTRADA AGREGADA--NOMBRE PERSONAL
Nombre de persona González Fraile, Antonio.
9 (RLIN) 167051
830 0# - PUNTO DE ACCESO ADICIONAL DE SERIE-TÍTULO UNIFORME
Título uniforme Actualidad bíblica ;
Designación de volumen o secuencia 4
9 (RLIN) 193281
852 ## - LOCALIZACIÓN
Ubicación ES-MaACL
Número de control de estantería J-9(4)
Holdings
Estatus retirado Estado de pérdida Estado de daño No para préstamo Biblioteca de origen Biblioteca actual Ubicación en estantería Fecha de adquisición Fuente de adquisición Total de préstamos Signatura topográfica completa Código de barras Visto por última vez Precio de reemplazo Tipo de ítem Koha
        Biblioteca del Ateneo de Madrid Biblioteca del Ateneo de Madrid Depósito 2 21/05/2019     J-9(4) 1200535 23/02/2023 23/02/2023 Libro impreso